00512nam a22001577a 4500003000400000020001800004100002600022245003900048260003800087300001000125650002500135700001800160942001200178999001700190952014700207OSt a9788198019639 aTHAHIYA, Vivek Kumar  aIntroduction to Civil Engineering  aNew Delhi,bNaples Indian:c2024. a386p. aFaculty Publication  aBalraj Singh  2ddccBK c13152d13152 00102ddc40708Faculty PublicationaPIETbPIETd2025-02-15eNaples IndiafINRg650.00l0p38671r2025-02-15 00:00:00v650.00w2025-02-04yBK